Catálogo
 En Linea

Significación maritima de Montevideo en los siglos xviii y xix. (Registro nro. 33550)

Detalles MARC
000 -CABECERA
campo de control de longitud fija 00278nam a2200097 a 4500
005 - FECHA Y HORA DE LA ÚLTIMA TRANSACCIÓN
campo de control 20200930070735.0
008 - DATOS DE LONGITUD FIJA--INFORMACIÓN GENERAL
campo de control de longitud fija 110923s1956 000 spa d
040 ## - FUENTE DE LA CATALOGACIÓN
Centro catalogador/agencia de origen DO-SdBNP
245 #0 - MENCIÓN DE TÍTULO
Título Significación maritima de Montevideo en los siglos xviii y xix.
260 ## - PUBLICACIÓN, DISTRIBUCIÓN, ETC.
Lugar de publicación, distribución, etc. Montevideo,
Fecha de publicación, distribución, etc. 1956.

No hay ítems disponibles.

Con tecnología Koha